|
|
|
|
| LEADER |
01754nam a2200409 a 4500 |
| 001 |
EBC911951 |
| 003 |
MiAaPQ |
| 005 |
20200520144314.0 |
| 006 |
m o d | |
| 007 |
cr cn||||||||| |
| 008 |
111118s2012 dcuabd sb 000 0 eng d |
| 010 |
|
|
|z 2011045981
|
| 020 |
|
|
|z 9780821389652 (alk. paper)
|
| 020 |
|
|
|a 9780821389669 (electronic bk.)
|
| 035 |
|
|
|a (MiAaPQ)EBC911951
|
| 035 |
|
|
|a (Au-PeEL)EBL911951
|
| 035 |
|
|
|a (CaPaEBR)ebr10556447
|
| 035 |
|
|
|a (CaONFJC)MIL358188
|
| 035 |
|
|
|a (OCoLC)793166834
|
| 040 |
|
|
|a MiAaPQ
|c MiAaPQ
|d MiAaPQ
|
| 043 |
|
|
|a e------
|
| 050 |
|
4 |
|a HC240
|b .G523277 2012
|
| 082 |
0 |
4 |
|a 330.94
|2 23
|
| 100 |
1 |
|
|a Gill, Indermit Singh,
|d 1961-
|
| 245 |
1 |
0 |
|a Golden growth
|h [electronic resource] :
|b restoring the lustre of the European economic model /
|c Indermit S. Gill, Martin Raiser ; together with Andrea Mario Dall'olio ... [et al.].
|
| 260 |
|
|
|a Washington, D.C. :
|b World Bank,
|c c2012.
|
| 300 |
|
|
|a vi, 494 p. :
|b col. ill., col. maps.
|
| 504 |
|
|
|a Includes bibliographical references.
|
| 505 |
0 |
|
|a The European growth model -- Spotlight one : Europe--convergence machine -- Trade -- Finance -- Enterprise -- Innovation -- Work -- Government -- Spotlight two : greening Europe's growth.
|
| 533 |
|
|
|a Electronic reproduction. Ann Arbor, MI : ProQuest, 2015. Available via World Wide Web. Access may be limited to ProQuest affiliated libraries.
|
| 650 |
|
0 |
|a Economic indicators
|z Europe.
|
| 651 |
|
0 |
|a Europe
|x Economic conditions
|y 1945-
|x Econometric models.
|
| 655 |
|
4 |
|a Electronic books.
|
| 700 |
1 |
|
|a Raiser, Martin.
|
| 700 |
1 |
|
|a Dall'olio, Andrea Mario.
|
| 710 |
2 |
|
|a ProQuest (Firm)
|
| 856 |
4 |
0 |
|u https://ebookcentral.proquest.com/lib/matrademy/detail.action?docID=911951
|z Click to View
|